| 000 | 00663nam a2200193 i 4500 | ||
|---|---|---|---|
| 001 | 73258 | ||
| 003 | ES-MaACL | ||
| 005 | 20250826122123.0 | ||
| 007 | t| | ||
| 008 | 040923s1901 mx ||||1| spa d | ||
| 100 | 1 |
_aLongfellow, Henry Wadsworth. _973236 |
|
| 245 | 1 | 0 |
_aEvangelina / _cpoema de Longfellow ; traducido en verso castellano por Joaquín D. Casaus ; con un prólogo de Ignacio M. Altamirano. |
| 260 |
_aMéxico : _b[s.n.], _c1901 ( _fIgnacio Escalante) |
||
| 300 |
_a188 p. ; _c20 cm. |
||
| 700 | 1 |
_aCasaus, Joaquín D. _936257 |
|
| 700 | 1 |
_aAltamirano, Ignacio Manuel, _d1834-1893 _920518 |
|
| 852 |
_aES-MaACL _jG-12285 |
||
| 999 |
_c73258 _d73258 |
||